[Event "ICS rated blitz match"]
[Site "204.178.125.65"]
[Date "1999.10.07"]
[Round "?"]
[White "Jfreile"]
[Black "Hossa"]
[Result "1/2-1/2"]
[WhiteElo "2278"]
[BlackElo "2487"]
[PlyCount "126"]
[EventDate "1999.??.??"]

1. d4 Nf6 2. c4 e6 3. Nc3 Bb4 4. Bd2 d5 5. cxd5 exd5 6. Nf3 O-O 7. g3 c5 8. Bg2
cxd4 9. Nxd4 Nc6 10. Nxc6 bxc6 11. O-O Re8 12. Rc1 Bg4 13. Re1 Rb8 14. Na4 Qe7
15. Bxb4 Rxb4 16. a3 Rbb8 17. b4 a5 18. Nc5 Bxe2 19. Qd2 axb4 20. axb4 Qf8 21.
Rxe2 Rxe2 22. Qxe2 Rxb4 23. Nd3 Rb6 24. Qe3 Ra6 25. Nc5 Ra2 26. h3 Ra8 27. Qd4
Ra2 28. Nd3 Ra6 29. Ne5 Qa3 30. Qc3 Qxc3 31. Rxc3 Ra1+ 32. Kh2 Kf8 33. Rxc6 Ra2
34. f4 Ke7 35. Rc7+ Ke6 36. Rxf7 Ne8 37. Rf8 Ke7 38. Rh8 Nf6 39. g4 h6 40. Rb8
Kd6 41. Rb7 Ne8 42. Kg3 Ra3+ 43. Bf3 Nc7 44. Nf7+ Kc6 45. Rb2 Re3 46. Rc2+ Kb6
47. f5 Nb5 48. Kf4 Rxf3+ 49. Kxf3 Nd4+ 50. Kf4 Nxc2 51. Ke5 d4 52. Nd6 d3 53.
Nc4+ Kc5 54. Nd2 Kb4 55. h4 Kc3 56. Nf3 d2 57. Nxd2 Kxd2 58. g5 hxg5 59. hxg5
Nb4 60. f6 gxf6+ 61. Kxf6 Nd5+ 62. Kf7 Nf4 63. g6 63... Nxg6 {
Game drawn because neither player has mating material} 1/2-1/2

[Event "ICS rated blitz match"]
[Site "204.178.125.65"]
[Date "1999.09.25"]
[Round "?"]
[White "Jfreile"]
[Black "Hossa"]
[Result "0-1"]
[WhiteElo "2351"]
[BlackElo "2480"]
[PlyCount "64"]
[EventDate "1999.??.??"]

1. d4 Nf6 2. c4 e6 3. Nf3 b6 4. Nc3 Bb4 5. Bd2 O-O 6. g3 Ba6 7. b3 c6 8. e3 Ba3
9. Qc2 c5 10. dxc5 bxc5 11. Bg2 Nc6 12. Ng5 Nb4 13. Qb1 Bb2 14. Nce4 Nxe4 15.
Nxe4 d6 16. a3 Bxa1 17. axb4 Be5 18. bxc5 Rb8 19. f4 Bxc4 20. fxe5 d5 21. Nd6
Rxb3 22. Qc2 Qb8 23. Nxc4 dxc4 24. Qxc4 Rb2 25. c6 Qxe5 26. c7 Rc8 27. Qd4 Qxd4
28. exd4 Rxc7 29. Ke2 Rc4 30. Rd1 Rxd4 31. Ke3 e5 32. Be4 32... Rb3+ {
Jfreile resigns} 0-1

[Event "ICS rated blitz match"]
[Site "204.178.125.65"]
[Date "1999.10.01"]
[Round "?"]
[White "JudgeTurpin"]
[Black "Hossa"]
[Result "1-0"]
[WhiteElo "2509"]
[BlackElo "2359"]
[Annotator "Fritz 5.32 (20s)"]
[PlyCount "57"]
[EventDate "1999.??.??"]

1. e4 e5 2. Nf3 Nc6 3. Bb5 a6 4. Ba4 b5 5. Bb3 Na5 6. O-O d6 7. d4 exd4 8. Nxd4
Nf6 (8... Ne7 9. Bd2 c5 10. Bd5 Nxd5 11. exd5 cxd4 12. Qe1+ Be7 13. Bxa5 Qd7
14. Qd1 O-O 15. Bb6 Qb7 16. Bxd4 Qxd5 17. Nc3 Qf5 18. Re1 Re8 19. Re3 Bb7 20.
Qd3 Qxd3 21. Rxd3 b4 22. Nd1 Rac8 23. Ne3 Bg5 24. c3 {
- Kavalek,L-Olafsson,F/Teeside 1975/EXT 99 (24)}) (8... Bd7 9. Bd2 Nxb3 10.
axb3 Nf6 11. Nc3 Be7 12. Qf3 O-O 13. Nf5 Re8 14. Nxe7+ Qxe7 15. Bg5 Bc6 16.
Bxf6 Qxf6 17. Qxf6 gxf6 18. Rfe1 b4 19. Nd5 Bxd5 20. exd5 Rxe1+ 21. Rxe1 Rb8
22. Kf1 Rb5 23. Rd1 {Haba,P-Velicka,P/Zlin 1998/CBM 66/[Hecht]/1-0 (75)}) 9.
Re1 $146 (9. Bd5 Bb7 10. Bxb7 10... Nxb7 $14) 9... Be7 $14 (9... Nxb3 $5 {
muss erwogen werden} 10. axb3 10... Bb7 $11) 10. Bd5 Nxd5 11. exd5 {
Weiss entwickelt Drohungen in der offenen e-Linie} 11... Bd7 12. Bg5 f6 13. Bd2
$4 $16 {gibt den Vorteil aus der Hand} (13. Bxf6 $142 {
und Schwarz kann direkt aufgeben} 13... gxf6 14. Qh5+ Kf8 15. Ne6+ Bxe6 16.
dxe6 $18) 13... Nc4 14. Qh5+ g6 15. Qh6 Kf7 (15... Nxb2 $4 {
Schwarz schlaegt einen vergifteten Bauern} 16. Qg7 Rf8 17. Bh6 $18) 16. b3 (16.
Ne6 Bxe6 17. dxe6+ 17... Kg8 $14) 16... Nxd2 17. Nxd2 Bf8 18. Qe3 Qb8 19. a4
$14 (19. Ne6 19... h6 $14) 19... bxa4 20. Nc6 {Der Springer hat sein Ziel
erreicht. Weiss erhaelt entscheidenden Koenigsangriff} 20... Bxc6 $16 (20...
Qb5 $5 {ist bedenkenswert} 21. c4 21... Qb7 $14) 21. dxc6 axb3 22. Qe6+ Kg7 23.
Qd7+ (23. cxb3 $6 23... Qc8 24. Qd5 24... Rb8 $11) 23... Kh6 $4 $18 {
fuehrt zu weiteren Sorgen} (23... Kg8 24. Rxa6 f5 (24... Rxa6 25. Ne4 Bg7 26.
Qe6+ Kf8 27. Nxd6 cxd6 28. c7 Ra8 29. cxb8=Q+ Rxb8 30. Qxd6+ Kg8 31. Qxb8+ Kf7
32. Qb7+ Kf8 33. Qe7+ Kg8 34. Qe6+ Kf8 35. Qe8#) 25. Rxa8 Qxa8 26. Qxc7 26...
bxc2 $18) 24. Re3 $1 {ist die Ueberraschung!. Droht Matt: Rh3} (24. cxb3 Qd8
25. Qf7 25... d5 $18) 24... f5 (24... Qb5 {
bot noch bessere Widerstandsmoeglichkeiten} 25. Rh3+ Qh5 26. Rxh5+ 26... gxh5
$18) 25. Qf7 (25. Rh3+ Kg5 26. Qe6 Kg4 27. Ra4+ Qb4 28. Rxb4+ Kg5 29. Nf3#)
25... Kg5 {Weiss darf Schwarz nun nicht zu Qb4 kommen lassen} 26. Rg3+ Kh5 27.
Qf6 Be7 (27... Bh6 {kann das Vorangegangene nicht ungeschehen machen} 28. Rh3+
Kg4 29. Rh4#) 28. Rh3+ Kg4 29. Rh4# 1-0

[Event "ICS rated blitz match"]
[Site "204.178.125.65"]
[Date "1999.09.14"]
[Round "?"]
[White "JudgeTurpin"]
[Black "Hossa"]
[Result "1-0"]
[WhiteElo "2503"]
[BlackElo "2381"]
[PlyCount "50"]
[EventDate "1999.??.??"]

1. Nf3 d5 2. g3 c5 3. Bg2 Nc6 4. O-O Nf6 5. d4 Nxd4 6. Nxd4 cxd4 7. Qxd4 e6 8.
c4 b6 9. Nc3 Bc5 10. Qh4 O-O 11. Bg5 Bb4 12. Bxf6 gxf6 13. cxd5 Bxc3 14. dxe6
fxe6 15. Rfd1 Bd7 16. Bxa8 Bxb2 17. Rab1 Bc3 18. Bc6 Rf7 19. Qa4 Qc7 20. Bxd7
Re7 21. Rbc1 b5 22. Qxb5 Qa5 23. Qxa5 Bxa5 24. Rc6 Kf7 25. Rdd6 25... e5 {
Hossa resigns} 1-0

[Event "ICS rated blitz match"]
[Site "204.178.125.65"]
[Date "1999.09.21"]
[Round "?"]
[White "JudgeTurpin"]
[Black "Hossa"]
[Result "1-0"]
[WhiteElo "2482"]
[BlackElo "2374"]
[PlyCount "95"]
[EventDate "1999.??.??"]

1. d4 e6 2. Nf3 d5 3. e3 Nf6 4. Nbd2 Bd6 5. Ne5 O-O 6. Bd3 c5 7. Ndf3 Nc6 8.
Nxc6 bxc6 9. b3 cxd4 10. exd4 Rb8 11. Ne5 Qc7 12. f4 c5 13. Be3 cxd4 14. Bxd4
Bb4+ 15. Kf2 Bc3 16. Bxc3 Qxc3 17. Qe1 Qc5+ 18. Qe3 d4 19. Qh3 Qc3 20. Rhd1 Re8
21. a3 Re7 22. Ng4 Nxg4+ 23. Qxg4 h6 24. Qg3 Rc7 25. Rac1 Rb6 26. Bc4 Qb2 27.
Qd3 Rd7 28. b4 Rbd6 29. Rb1 Qc3 30. Qxc3 dxc3 31. Rxd6 Rxd6 32. Bd3 g5 33. Rb3
Rc6 34. g3 f6 35. Ke3 gxf4+ 36. gxf4 Kf7 37. Be4 Rc7 38. b5 e5 39. Bc6 Bf5 40.
Rxc3 Re7 41. Rc5 exf4+ 42. Kxf4 Bg6 43. Bd5+ Kg7 44. c4 h5 45. a4 Bc2 46. a5
Kg6 47. b6 axb6 48. axb6 {Hossa resigns} 1-0

[Event "ICS rated blitz match"]
[Site "204.178.125.65"]
[Date "1999.10.18"]
[Round "?"]
[White "JudgeTurpin"]
[Black "Hossa"]
[Result "0-1"]
[WhiteElo "2650"]
[BlackElo "2499"]
[PlyCount "174"]
[EventDate "1999.??.??"]

1. d4 d5 2. c4 e6 3. Nc3 Nf6 4. Qc2 dxc4 5. e3 c5 6. dxc5 Bxc5 7. Bxc4 Nbd7 8.
Nf3 O-O 9. O-O a6 10. Bd3 b6 11. e4 e5 12. Bg5 Bb7 13. Nd5 Be7 14. Nxf6+ Bxf6
15. Be3 Qe7 16. Rfd1 Rfc8 17. Qe2 Nc5 18. Bc2 Nxe4 19. Bxb6 Qb4 20. Bb1 Qxb6
21. Bxe4 Bxe4 22. Qxe4 Qxb2 23. a3 Qc2 24. Qe1 Rd8 25. Rab1 Rxd1 26. Rxd1 Rb8
27. Rd2 Qf5 28. Rd1 Qf4 29. Qe2 Qa4 30. Qe1 Qxa3 31. Nxe5 Re8 32. f4 Qc5+ 33.
Qf2 Qxf2+ 34. Kxf2 Bxe5 35. fxe5 a5 36. Kf3 a4 37. Ra1 Ra8 38. Ke4 Kf8 39. Ra3
Ke7 40. g4 Ke6 41. g5 Ra6 42. h4 Ra5 43. Kd4 h6 44. gxh6 gxh6 45. h5 Rxe5 46.
Rxa4 Rxh5 47. Ra6+ Kf5 48. Ra5+ Kg6 49. Ra6+ f6 50. Ra2 Rg5 51. Ke4 h5 52. Ra8
Rg4+ 53. Kf3 Kg5 54. Ra5+ Kh4 55. Rf5 Rg6 56. Kf4 Rg1 57. Ke3 Re1+ 58. Kf2 Re6
59. Kf3 Rb6 60. Kf4 Rb1 61. Ke3 Rb3+ 62. Ke4 Kg3 63. Rxh5 Kg4 64. Rh8 f5+ 65.
Kd5 f4 66. Kd4 Ra3 67. Rh7 f3 68. Rg7+ Kh3 69. Rh7+ Kg2 70. Rg7+ Kf1 71. Rg3
Ke2 72. Rh3 Ra4+ 73. Kd5 f2 74. Rh2 Ra5+ 75. Kc6 Rg5 76. Kd7 Ke1 77. Rh7 Ra5
78. Re7+ Kd2 79. Kc8 Rc5+ 80. Kd7 f1=Q 81. Kd6 Qf6+ 82. Kxc5 Qxe7+ 83. Kd4 Qe6
84. Kc5 Kc3 85. Kb5 Qd6 86. Ka5 Kc4 87. Ka4 87... Qa6# {JudgeTurpin checkmated}
0-1

[Event "ICS rated blitz match"]
[Site "204.178.125.65"]
[Date "1999.10.19"]
[Round "?"]
[White "JudgeTurpin"]
[Black "Hossa"]
[Result "1/2-1/2"]
[WhiteElo "2626"]
[BlackElo "2480"]
[PlyCount "110"]
[EventDate "1999.??.??"]

1. d4 d5 2. e3 c5 3. c4 cxd4 4. Qxd4 e6 5. cxd5 exd5 6. Nc3 Nf6 7. Nf3 Be7 8.
Bb5+ Nc6 9. Qa4 O-O 10. Bd2 Bd7 11. O-O a6 12. Be2 Rc8 13. Rfe1 Ne5 14. Qb3
Nxf3+ 15. Bxf3 Bc6 16. Rad1 Qd7 17. Qc2 Bd6 18. Qd3 Ng4 19. Bxg4 Qxg4 20. e4
dxe4 21. Qxd6 e3 22. Qg3 Qxg3 23. hxg3 exd2 24. Rxd2 Rfe8 25. Red1 b5 26. Rd4
f5 27. Nd5 Bxd5 28. Rxd5 Re2 29. Rd6 a5 30. b3 Rxa2 31. R6d5 b4 32. Rxf5 a4 33.
bxa4 Rxa4 34. Rf4 Rf8 35. Rg4 Ra2 36. Rxb4 Rfxf2 37. Rd8+ Rf8 38. Rd7 Raf2 39.
Re4 R2f7 40. Rd5 h6 41. Kh2 g6 42. g4 Kg7 43. Kg3 Rf1 44. Re7+ R8f7 45. Re8
R1f2 46. Rd6 R2f6 47. Rdd8 Rc6 48. Rh8 Rc3+ 49. Kh4 Rd7 50. Rdg8+ Kf7 51. Rf8+
Kg7 52. Rhg8+ Kh7 53. Rh8+ Kg7 54. Rhg8+ Kh7 55. Rh8+ 55... Kg7 {
Game drawn by repetition} 1/2-1/2

[Event "ICS rated blitz match"]
[Site "204.178.125.65"]
[Date "1999.09.14"]
[Round "?"]
[White "JudgeTurpin"]
[Black "Hossa"]
[Result "1-0"]
[WhiteElo "2529"]
[BlackElo "2311"]
[PlyCount "132"]
[EventDate "1999.??.??"]

1. e4 e5 2. Nf3 Nc6 3. Bb5 Bc5 4. O-O Nge7 5. Nxe5 Nxe5 6. d4 a6 7. Be2 Bxd4 8.
Qxd4 N7c6 9. Qc3 O-O 10. Be3 d6 11. Nd2 f5 12. Qb3+ Kh8 13. f4 Nd7 14. Bd3 Nf6
15. exf5 Ne7 16. Bf2 Nxf5 17. h3 b6 18. Rae1 Ne7 19. Kh1 Bb7 20. c4 Qd7 21. Be2
Rae8 22. Bf3 Bxf3 23. Qxf3 b5 24. Qb7 bxc4 25. Qxa6 d5 26. Bc5 Nfg8 27. Qa3 Rf5
28. Qe3 Qb5 29. Ba3 Rff8 30. Qf2 Qa6 31. Qh4 c3 32. Nf3 cxb2 33. Bxb2 Nf5 34.
Qf2 c5 35. Ne5 Rd8 36. g4 Nfe7 37. Qxc5 Qxa2 38. Qa3 Ra8 39. Qc3 Qa6 40. Nd7
Rf7 41. Nc5 Qb6 42. Ne6 d4 43. Ng5 Rff8 44. Qxd4 Qb7+ 45. Qe4 Qxe4+ 46. Rxe4
Nd5 47. f5 Rab8 48. Ba3 Rf6 49. Re5 Nb6 50. Rb5 h6 51. Ne6 Nd7 52. Rxb8 Nxb8
53. Rb1 Nc6 54. Rb7 Ne5 55. Bf8 Rxf8 56. Nxf8 Nc6 57. Ng6+ Kh7 58. Kg2 Nf6 59.
Nf8+ Kg8 60. Ne6 Ne8 61. Kg3 h5 62. gxh5 Kh8 63. Rf7 Nf6 64. h6 Ne4+ 65. Kf4
gxh6 66. Kxe4 66... Na5 {Hossa resigns} 1-0

[Event "ICS rated blitz match"]
[Site "204.178.125.65"]
[Date "1999.08.29"]
[Round "?"]
[White "Kengtin"]
[Black "Hossa"]
[Result "0-1"]
[WhiteElo "2173"]
[BlackElo "2476"]
[PlyCount "52"]
[EventDate "1999.??.??"]

1. d4 d5 2. c3 Bg4 3. Bg5 f6 4. Bh4 e6 5. Nd2 Nd7 6. Qb3 g5 7. Bg3 Nb6 8. f3
Bh5 9. e4 Ne7 10. a4 dxe4 11. fxe4 Bf7 12. a5 e5 13. d5 Nd7 14. Qxb7 Rb8 15.
Qxa7 Rxb2 16. Nc4 Nc8 17. Qa6 Rb8 18. Nf3 Bc5 19. Qc6 O-O 20. Be2 Ne7 21. Qa4
Bg6 22. Qc2 Nxd5 23. Qa2 Nxc3 24. Qc2 Nxe4 25. Bd3 Bb4+ 26. Ke2 26... Nc3+ {
Kengtin resigns} 0-1

[Event "ICS rated blitz match"]
[Site "204.178.125.65"]
[Date "1999.10.15"]
[Round "?"]
[White "Kengtin"]
[Black "Hossa"]
[Result "1/2-1/2"]
[WhiteElo "2103"]
[BlackElo "2373"]
[PlyCount "54"]
[EventDate "1999.??.??"]

1. d4 Nf6 2. c4 e6 3. Nc3 Bb4 4. Bd2 d5 5. e3 Nbd7 6. Nf3 O-O 7. Rc1 Re8 8. Be2
Nb6 9. cxd5 exd5 10. O-O Bg4 11. Ne5 Bxe2 12. Qxe2 c6 13. f4 Bxc3 14. Bxc3 Ne4
15. Rf3 Na4 16. Rh3 Qf6 17. Be1 Qf5 18. Rh5 Qe6 19. b3 Nb6 20. f5 Qd6 21. Bh4
Qa3 22. Rf1 f6 23. Rxh7 Kxh7 24. Qh5+ Kg8 25. Qf7+ Kh8 26. Qh5+ Kg8 27. Qf7+
27... Kh8 {Game drawn by mutual agreement} 1/2-1/2

[Event "ICS rated blitz match"]
[Site "204.178.125.65"]
[Date "1999.09.01"]
[Round "?"]
[White "Kengtin"]
[Black "Hossa"]
[Result "1/2-1/2"]
[WhiteElo "2125"]
[BlackElo "2523"]
[PlyCount "144"]
[EventDate "1999.??.??"]

1. d4 f5 2. g3 Nf6 3. Bg2 g6 4. Nh3 d6 5. c4 Bg7 6. Nc3 O-O 7. d5 Nbd7 8. Nf4
Ne5 9. Qb3 c6 10. O-O Nfg4 11. Rd1 cxd5 12. cxd5 b6 13. h3 Nf6 14. Be3 Bd7 15.
Bd4 Rc8 16. Bxe5 dxe5 17. d6+ Kh8 18. dxe7 Qxe7 19. Nfd5 Nxd5 20. Nxd5 Qf7 21.
Qa3 Be6 22. Rd2 Rc5 23. Rad1 e4 24. Nc3 Ra5 25. Qd6 e3 26. fxe3 Bxc3 27. bxc3
Rxa2 28. Qe5+ Qf6 29. Qxf6+ Rxf6 30. Rxa2 Bxa2 31. Ra1 Bc4 32. Rxa7 Bxe2 33.
Kf2 Bb5 34. Rc7 Rd6 35. e4 Rd2+ 36. Kg1 fxe4 37. Bxe4 Bd7 38. g4 Kg8 39. c4 Be6
40. c5 bxc5 41. Rxc5 Kg7 42. Bg2 h6 43. Rc7+ Kf6 44. Rc6 Ke5 45. Rc3 Bd5 46.
Bxd5 Rxd5 47. Rf3 h5 48. gxh5 gxh5 49. Rf8 Ke4 50. Kg2 Rg5+ 51. Kh2 Kd4 52. h4
Rd5 53. Rg8 Ke4 54. Kh3 Rd6 55. Rg5 Rh6 56. Kg3 Rh7 57. Kh3 Kd4 58. Kg3 Ke4 59.
Kf2 Rf7+ 60. Kg3 Rf3+ 61. Kg2 Rf5 62. Rxf5 Kxf5 63. Kf3 Ke5 64. Ke3 Kd5 65. Kf4
Kd4 66. Kg5 Ke4 67. Kxh5 Kf5 68. Kh6 Kf6 69. h5 Kf7 70. Kg5 Kg7 71. h6+ Kh7 72.
Kf6 72... Kxh6 {Game drawn because neither player has mating material} 1/2-1/2

[Event "ICS rated blitz match"]
[Site "204.178.125.65"]
[Date "1999.08.29"]
[Round "?"]
[White "Kengtin"]
[Black "Hossa"]
[Result "1/2-1/2"]
[WhiteElo "2158"]
[BlackElo "2483"]
[PlyCount "124"]
[EventDate "1999.??.??"]

1. d4 d5 2. c3 Bg4 3. Bg5 f6 4. Bh4 e6 5. Nd2 Nd7 6. Qb3 g5 7. Bg3 Nb6 8. e4
Bg7 9. f3 Bh5 10. a4 a5 11. Bd3 Kf7 12. Ne2 dxe4 13. fxe4 c5 14. O-O Nh6 15.
Nc4 Nxc4 16. Bxc4 Qe7 17. dxc5 Bxe2 18. Bxe2 Qxc5+ 19. Kh1 Qc6 20. Bb5 Qc8 21.
Rad1 Rd8 22. Rxd8 Qxd8 23. Rd1 Qf8 24. Rd7+ Kg6 25. Qxe6 g4 26. e5 Kg5 27. exf6
Bxf6 28. Qe3+ Kh5 29. Rd5+ Kg6 30. Bd3+ Kg7 31. Rd7+ Nf7 32. Qe4 Qg8 33. Qxg4+
Kf8 34. Qe6 Rd8 35. Bc4 Rxd7 36. Qxd7 Qg6 37. Qxf7+ Qxf7 38. Bxf7 Kxf7 39. Bc7
Bg5 40. Bxa5 Be3 41. c4 Bd4 42. b3 h5 43. g3 Ke6 44. Kg2 Kf6 45. Kf3 b6 46. Bd2
Ke5 47. h3 Ke6 48. g4 hxg4+ 49. hxg4 Be5 50. Bf4 Bf6 51. Ke4 Be7 52. g5 Bb4 53.
Be5 Be7 54. g6 Bc5 55. g7 Kf7 56. Kd5 Bf2 57. Bd4 Bh4 58. c5 bxc5 59. Bxc5 Be1
60. b4 Kxg7 61. b5 Kf6 62. b6 62... Bd2 {
Kengtin ran out of time and Hossa has no material to mate} 1/2-1/2

[Event "ICS rated blitz match"]
[Site "204.178.125.65"]
[Date "1999.08.28"]
[Round "?"]
[White "Kickarse"]
[Black "Hossa"]
[Result "0-1"]
[WhiteElo "2363"]
[BlackElo "2473"]
[PlyCount "84"]
[EventDate "1999.??.??"]

1. e4 c5 2. Nf3 e6 3. d4 cxd4 4. Nxd4 Nc6 5. Nc3 Bb4 6. Ndb5 Nge7 7. a3 Bxc3+
8. Nxc3 d5 9. exd5 Nxd5 10. Bd2 O-O 11. Bd3 e5 12. O-O Be6 13. Re1 Qh4 14. Re4
Qe7 15. Nxd5 Bxd5 16. Re1 Qh4 17. c4 Be6 18. Qe2 Rad8 19. Bc3 Rd7 20. g3 Qh3
21. Be4 Nd4 22. Bxd4 exd4 23. Bg2 Qh6 24. c5 d3 25. Qe3 d2 26. Rf1 Qxe3 27.
fxe3 Bg4 28. Rfd1 Rc8 29. b4 Bxd1 30. Rxd1 Rcd8 31. Kf2 Kf8 32. Ke2 f5 33. Bh3
g6 34. g4 f4 35. exf4 Re7+ 36. Kf2 Rd4 37. Bg2 Rxf4+ 38. Kg3 Rd4 39. Kf2 g5 40.
h3 Rf4+ 41. Kg3 Re3+ 42. Kh2 42... Rf2 {Kickarse resigns} 0-1

[Event "ICS rated blitz match"]
[Site "204.178.125.65"]
[Date "1999.09.13"]
[Round "?"]
[White "KingRitz"]
[Black "Hossa"]
[Result "0-1"]
[WhiteElo "2124"]
[BlackElo "2384"]
[PlyCount "44"]
[EventDate "1999.??.??"]

1. d4 Nf6 2. c4 d6 3. Nc3 g6 4. e4 Bg7 5. f4 O-O 6. Be2 e5 7. fxe5 dxe5 8. d5
c6 9. Nf3 b5 10. cxb5 cxd5 11. exd5 e4 12. Ne5 Nh5 13. Nc6 Qh4+ 14. Kd2 e3+ 15.
Kc2 Bf5+ 16. Kb3 Nxc6 17. dxc6 Rfd8 18. Qe1 Be6+ 19. Kc2 Qd4 20. b3 Nf4 21. Bb2
Qd2+ 22. Kb1 22... Bf5+ {KingRitz resigns} 0-1

[Event "ICS rated blitz match"]
[Site "204.178.125.65"]
[Date "1999.09.13"]
[Round "?"]
[White "KingRitz"]
[Black "Hossa"]
[Result "0-1"]
[WhiteElo "2142"]
[BlackElo "2419"]
[PlyCount "21"]
[EventDate "1999.??.??"]

1. d4 d5 2. c4 dxc4 3. e4 e5 4. d5 b5 5. a4 Qh4 6. Qc2 Nf6 7. Nc3 Bb4 8. axb5
Qxe4+ 9. Qxe4 Nxe4 10. Bd2 Nxd2 11. Kd1 {KingRitz resigns} 0-1

[Event "ICS rated blitz match"]
[Site "204.178.125.65"]
[Date "1999.09.22"]
[Round "?"]
[White "KrazyKat"]
[Black "Hossa"]
[Result "0-1"]
[WhiteElo "1822"]
[BlackElo "1828"]
[PlyCount "74"]
[EventDate "1999.??.??"]

1. e4 e6 2. d4 d5 3. Nc3 Nf6 4. e5 Nfd7 5. f4 c5 6. Nf3 cxd4 7. Nxd4 a6 8. a4
Bb4 9. Bd3 Nc6 10. Nde2 d4 11. O-O dxc3 12. bxc3 Bc5+ 13. Kh1 O-O 14. Ng3 b6
15. Qh5 h6 16. Bd2 Be7 17. Ne4 Nc5 18. Nf6+ Bxf6 19. exf6 Qxf6 20. f5 e5 21.
Rae1 Rd8 22. Re3 e4 23. Rg3 Kf8 24. Bg5 hxg5 25. Bc4 Ne5 26. Ba2 Qh6 27. Rxg5
Qxh5 28. Rxh5 Ke7 29. h3 Nxa4 30. f6+ gxf6 31. Rh6 Nxc3 32. Bb3 e3 33. Rhxf6 e2
34. Rxf7+ Nxf7 35. Rxf7+ Kd6 36. Rf6+ Kc5 37. Rf5+ 37... Bxf5 {KrazyKat resigns
} 0-1

[Event "ICS rated blitz match"]
[Site "204.178.125.65"]
[Date "1999.10.02"]
[Round "?"]
[White "Lan"]
[Black "Hossa"]
[Result "0-1"]
[WhiteElo "2026"]
[BlackElo "2446"]
[PlyCount "50"]
[EventDate "1999.??.??"]

1. e4 Nf6 2. e5 Nd5 3. d4 d6 4. c4 Nb6 5. f4 dxe5 6. fxe5 Nc6 7. Be3 f6 8. exf6
exf6 9. d5 Ne5 10. Nf3 Bb4+ 11. Nc3 Nexc4 12. Bxc4 Nxc4 13. Qa4+ Kf7 14. Qxb4
Nxe3 15. Qb3 Nxg2+ 16. Kf2 Nf4 17. Kg3 Nd3 18. Rhf1 Qd6+ 19. Kg2 Re8 20. Ng5+
Kg8 21. Nb5 Re2+ 22. Kf3 Qxh2 23. d6+ Be6 24. Qxd3 Qh5+ 25. Kg3 25... Qg4# {
Lan checkmated} 0-1

[Event "ICS rated blitz match"]
[Site "204.178.125.65"]
[Date "1999.10.02"]
[Round "?"]
[White "Lan"]
[Black "Hossa"]
[Result "0-1"]
[WhiteElo "2020"]
[BlackElo "2452"]
[PlyCount "36"]
[EventDate "1999.??.??"]

1. e4 Nf6 2. e5 Nd5 3. d4 d6 4. c4 Nb6 5. f4 dxe5 6. fxe5 Nc6 7. Be3 f6 8. exf6
exf6 9. Nf3 Bb4+ 10. Nc3 Na5 11. a3 Naxc4 12. Bxc4 Nxc4 13. axb4 Nxe3 14. Qe2
O-O 15. Kd2 Re8 16. Rhe1 Re7 17. Ne5 Rxe5 18. Kc1 18... Qxd4 {Lan resigns} 0-1

[Event "ICS rated blitz match"]
[Site "204.178.125.65"]
[Date "1999.10.01"]
[Round "?"]
[White "Lan"]
[Black "Hossa"]
[Result "0-1"]
[WhiteElo "2035"]
[BlackElo "2419"]
[PlyCount "64"]
[EventDate "1999.??.??"]

1. e4 c6 2. d4 d5 3. Nd2 dxe4 4. Nxe4 Nf6 5. Nxf6+ exf6 6. Bc4 Be7 7. Qh5 O-O
8. Ne2 Nd7 9. Bd2 c5 10. O-O-O cxd4 11. Nf4 Ne5 12. Bb3 Bg4 13. Qh4 f5 14. Qg3
Bh4 15. Ne6 Qf6 16. Qf4 Rfc8 17. Kb1 Bxd1 18. Rxd1 fxe6 19. Re1 Nc4 20. Bxc4
Rxc4 21. g3 Rac8 22. gxh4 d3 23. Qg5 Rxc2 24. Qxf6 gxf6 25. Be3 d2 26. Rg1+ Kf7
27. Bxd2 Rxd2 28. Re1 Rcc2 29. Re3 Rxb2+ 30. Kc1 Rdc2+ 31. Kd1 Rxf2 32. a4
32... Rb1# {Lan checkmated} 0-1

[Event "ICS rated blitz match"]
[Site "204.178.125.65"]
[Date "1999.10.02"]
[Round "?"]
[White "Lancelot"]
[Black "Hossa"]
[Result "0-1"]
[WhiteElo "2143"]
[BlackElo "2486"]
[PlyCount "122"]
[EventDate "1999.??.??"]

1. c4 Nf6 2. Nc3 e5 3. e4 Nc6 4. d3 Bb4 5. Nge2 O-O 6. g3 Ne8 7. Bg2 f5 8. exf5
Rxf5 9. O-O d6 10. a3 Bc5 11. b4 Bd4 12. Nxd4 Nxd4 13. Be3 a5 14. Bxd4 exd4 15.
Nd5 c6 16. Nf4 axb4 17. axb4 Rxa1 18. Qxa1 c5 19. Bd5+ Kh8 20. Qa8 Nc7 21. Qa5
Qe7 22. b5 Nxd5 23. Nxd5 Qf8 24. Qd2 Rf3 25. Qe2 Bg4 26. Qe4 Bh3 27. Nf4 Rxf4
28. Qxf4 Qxf4 29. gxf4 Bxf1 30. Kxf1 Kg8 31. Ke2 Kf7 32. Kf3 Ke6 33. Ke4 g6 34.
h3 Kf6 35. h4 Ke6 36. f3 b6 37. f5+ gxf5+ 38. Kf4 d5 39. cxd5+ Kxd5 40. Kxf5 c4
41. dxc4+ Kxc4 42. Ke5 d3 43. f4 d2 44. f5 d1=Q 45. f6 Qe1+ 46. Kd6 Qxh4 47.
Ke7 Qxf6+ 48. Kxf6 Kxb5 49. Kg5 Kc4 50. Kh6 b5 51. Kxh7 b4 52. Kg6 b3 53. Kf6
b2 54. Ke6 b1=Q 55. Ke5 Kc5 56. Kf6 Kd5 57. Kf7 Ke5 58. Kg7 Kf5 59. Kf7 Qb7+
60. Ke8 Ke6 61. Kd8 61... Qb8# {Lancelot checkmated} 0-1

[Event "ICS rated blitz match"]
[Site "204.178.125.65"]
[Date "1999.08.29"]
[Round "?"]
[White "Lancelot"]
[Black "Hossa"]
[Result "0-1"]
[WhiteElo "2063"]
[BlackElo "2525"]
[PlyCount "38"]
[EventDate "1999.??.??"]

1. d4 d5 2. Nf3 Bf5 3. e3 e6 4. c4 c6 5. Nc3 Bb4 6. Qb3 Bxc3+ 7. bxc3 b6 8. Ba3
Nf6 9. cxd5 cxd5 10. Bb5+ Nbd7 11. O-O a6 12. Bc6 Bd3 13. Ne5 Bxf1 14. Kxf1 Rc8
15. Qb4 a5 16. Qd6 Rc7 17. Rb1 Ne4 18. Bxd7+ Rxd7 19. Nxd7 19... Nxd6 {
Lancelot resigns} 0-1

[Event "ICS rated blitz match"]
[Site "204.178.125.65"]
[Date "1999.10.19"]
[Round "?"]
[White "Lauro"]
[Black "Hossa"]
[Result "0-1"]
[WhiteElo "2430"]
[BlackElo "2459"]
[PlyCount "40"]
[EventDate "1999.??.??"]

1. e4 e5 2. Nf3 Nf6 3. Nxe5 d6 4. Nf3 Nxe4 5. Qe2 Qe7 6. d3 Nf6 7. Bg5 Qxe2+ 8.
Bxe2 Be7 9. Nc3 O-O 10. O-O-O Re8 11. Rhe1 Nc6 12. d4 Bg4 13. h3 Bf5 14. Nh4
Be6 15. Bb5 a6 16. Ba4 b5 17. Bb3 b4 18. Bxe6 bxc3 19. bxc3 fxe6 20. Rxe6 20...
Nd5 {Lauro resigns} 0-1

[Event "ICS rated blitz match"]
[Site "204.178.125.65"]
[Date "1999.09.22"]
[Round "?"]
[White "Leffe"]
[Black "Hossa"]
[Result "0-1"]
[WhiteElo "1895"]
[BlackElo "2200"]
[PlyCount "32"]
[EventDate "1999.??.??"]

1. e4 e6 2. d4 d5 3. Bd3 dxe4 4. Bxe4 c5 5. dxc5 Qxd1+ 6. Kxd1 Bxc5 7. Nh3 e5
8. Be3 Nf6 9. Bxc5 Nxe4 10. Be3 Bxh3 11. gxh3 Nc6 12. Nd2 O-O-O 13. Ke2 Nxd2
14. Bxd2 Nd4+ 15. Kf1 Nxc2 16. Bc3 16... Nxa1 {Leffe resigns} 0-1

[Event "ICS rated blitz match"]
[Site "204.178.125.65"]
[Date "1999.09.22"]
[Round "?"]
[White "Leffe"]
[Black "Hossa"]
[Result "0-1"]
[WhiteElo "1917"]
[BlackElo "2178"]
[PlyCount "50"]
[EventDate "1999.??.??"]

1. e4 e6 2. d4 d5 3. e5 c5 4. c3 Nc6 5. Nf3 Qb6 6. Be2 cxd4 7. cxd4 Nge7 8.
Nbd2 Nxd4 9. Qa4+ Nec6 10. Nxd4 Qxd4 11. Qxd4 Nxd4 12. Bd3 Bd7 13. O-O Rc8 14.
f4 Nc2 15. Rb1 Nb4 16. Be2 Nxa2 17. Nb3 Ba4 18. Na5 Bc5+ 19. Kh1 Bd4 20. Nxb7
O-O 21. Nd6 Nxc1 22. Nxc8 Nxe2 23. Nd6 Rb8 24. Ra1 Bd7 25. Rxa7 25... Bxa7 {
Leffe resigns} 0-1

[Event "ICS rated blitz match"]
[Site "204.178.125.65"]
[Date "1999.09.12"]
[Round "?"]
[White "Leonido"]
[Black "Hossa"]
[Result "0-1"]
[WhiteElo "2076"]
[BlackElo "2481"]
[PlyCount "74"]
[EventDate "1999.??.??"]

1. e4 e6 2. d4 d5 3. Nc3 Nf6 4. Bg5 Be7 5. e5 Nfd7 6. Bxe7 Qxe7 7. f4 O-O 8.
Nf3 c5 9. Qd2 f6 10. exf6 Qxf6 11. g3 Nc6 12. O-O-O cxd4 13. Nxd4 Nc5 14. Bh3
Qh6 15. Bg2 a5 16. Rde1 Bd7 17. Nf3 Rad8 18. Ne5 Rf5 19. Nxc6 Bxc6 20. Ne2 Rc8
21. Nd4 Rf6 22. Re2 a4 23. Kb1 a3 24. b3 Bd7 25. Bf3 Qh3 26. Rhe1 b5 27. f5 Kh8
28. fxe6 Nxe6 29. Bxd5 Nc7 30. Bg2 Qg4 31. Re4 Qg6 32. Re7 Rd6 33. Qf4 Nd5 34.
Qf7 Nxe7 35. Qxg6 Nxg6 36. Nf3 Bf5 37. Re2 37... Rd1# {Leonido checkmated} 0-1